Innovation <Die> technologische Offensive

Uložené v:
Podrobná bibliografia
Hlavný autor: Foster, Richard N.
Médium: Kniha
Jazyk:German
Vydavateľské údaje: Wiesbaden Gabler 1986
Vydanie:1. Aufl.
Predmet:
Tagy: Pridať tag
Žiadne tagy, Buďte prvý, kto otaguje tento záznam!

MARC

LEADER 00000nam a2200000 4500
001 c000113
005 20221220073503.1
020 |a 941 
041 0 |a ger 
044 |a DE 
245 1 0 |a Innovation  |b <Die> technologische Offensive  |c Richard N. Foster 
250 |a 1. Aufl. 
264 1 |a Wiesbaden  |b Gabler  |c 1986 
300 |a 344 s. 
610 2 0 |a inovácia 
610 2 0 |a trh 
610 2 0 |a mechanizmus trhový 
610 2 0 |a technológia výroby 
610 2 0 |a konkurencia 
100 1 |a Foster, Richard N.